Alternatívne formy financovania podnikateľskej činnosti

Alternatívne formy financovania využívané pri podpore a rozvoji podnikateľskej činnosti malých a stredných podnikov. Najvyužívanejšie zdroje financovania podniku. Rizikový kapitál vo forme venture capital a private equity. Business angels kapitál. Podiel využívania rizikového kapitálu v jednotlivých...

Descrizione completa

Salvato in:
Dettagli Bibliografici
Autore principale: Križan, Martin
Natura: Capitolo di libro
Lingua:slovacco
Soggetti:
Tags: Aggiungi Tag
Nessun Tag, puoi essere il primo ad aggiungerne!!

MARC

LEADER 00000nla a2200000 4500
001 0223997
005 20240502073651.3
041 0 |a slo 
044 |a SK 
245 1 0 |a Alternatívne formy financovania podnikateľskej činnosti  |c Martin Križan 
520 |a Alternatívne formy financovania využívané pri podpore a rozvoji podnikateľskej činnosti malých a stredných podnikov. Najvyužívanejšie zdroje financovania podniku. Rizikový kapitál vo forme venture capital a private equity. Business angels kapitál. Podiel využívania rizikového kapitálu v jednotlivých oblastiach Európy. Charakteristika a využívanie mezanínového kapitálu, crowdfundingu a tollingu. 
610 2 0 |a financovanie 
610 2 0 |a financovanie cudzie 
610 2 0 |a kapitál rizikový 
610 2 0 |a kapitál rozvojový 
610 2 0 |a úver bankový 
610 2 0 |a lízing 
610 2 0 |a podnik malý 
610 2 0 |a podnik stredný 
100 1 |a Križan, Martin